Fisrt certificate avenues teacher's book
Đã lưu trong:
| Hovedforfatter: | |
|---|---|
| Format: | Bog |
| Sprog: | Undetermined |
| Udgivet: |
Cambridge, UK
Cambridge Univ. Press
1996
|
| Fag: | |
| Tags: |
Tilføj Tag
Ingen Tags, Vær først til at tagge denne postø!
|
| Thư viện lưu trữ: | Trung tâm Học liệu Trường Đại học Cần Thơ |
|---|
| LEADER | 00533nam a2200181Ia 4500 | ||
|---|---|---|---|
| 001 | CTU_51888 | ||
| 008 | 210402s9999 xx 000 0 und d | ||
| 020 | |b 158000 | ||
| 082 | |a 428.24 | ||
| 082 | |b F667t | ||
| 100 | |a David Foll | ||
| 245 | 0 | |a Fisrt certificate avenues teacher's book | |
| 245 | 0 | |c David Foll and Anne Kelly | |
| 260 | |a Cambridge, UK | ||
| 260 | |b Cambridge Univ. Press | ||
| 260 | |c 1996 | ||
| 650 | |a english language - textbooks for foreign speakers | ||
| 980 | |a Trung tâm Học liệu Trường Đại học Cần Thơ | ||